000 00620nam a2200229Ia 4500
003 0100
008 130227s9999 xx 000 0 und d
040 _cARRUPELIB
050 _aBX1750.R33T34P379
100 _aRahner, Karl
245 _aAbstracts of Karl Rahner's Theological investigations 1-23
260 _aCharlottesville
260 _bMarquestte University Press
260 _C2002
300 _a657p
300 _b 21cm
440 _aPhilosophy & Theology v.14 n.1-2
650 _bBible introductions
650 _cCatholic Church - Doctrines
700 _aPekarske, Daniel T. (ed)
942 _2lcc
_01
999 _c568
_d568